| 000 | 00584nam a22001697a 4500 | ||
|---|---|---|---|
| 003 | MACL | ||
| 005 | 20160120141447.0 | ||
| 008 | 160120b xxu||||| |||| 00| 0 eng d | ||
| 040 | _cMACL | ||
| 041 | _aHindi | ||
| 082 | _a001.543/SOC | ||
| 100 |
_aजैन डॉ सुरेन्द सोलंकी एवं डॉ एम एस सिसौदिया _933656 |
||
| 245 | _aमध्यप्रदेश सामान्य ज्ञान | ||
| 260 |
_aआगरा _bउपकार प्रकाशन |
||
| 650 |
_aGeneralities _91354 |
||
| 942 |
_2ddc _cHIN |
||
| 999 |
_c52818 _d52818 |
||